The complete Aristotle: Volume I (Record no. 21115)

000 -LEADER
fixed length control field 01056nmm a2200313 a 4500
001 - CONTROL NUMBER
control field ocm0002347359
003 - CONTROL NUMBER IDENTIFIER
control field TR-IsHL
005 - DATE AND TIME OF LATEST TRANSACTION
control field 20201028184700.0
008 - FIXED-LENGTH DATA ELEMENTS--GENERAL INFORMATION
fixed length control field 190514s2019 tu eng
007 - PHYSICAL DESCRIPTION FIXED FIELD--GENERAL INFORMATION
fixed length control field cr cn
020 ## - INTERNATIONAL STANDARD BOOK NUMBER
International Standard Book Number 9786057876850
035 ## - SYSTEM CONTROL NUMBER
System control number 2347359
-- (N$T)
050 04 - LIBRARY OF CONGRESS CALL NUMBER
Classification number B485
Item number .A75 2019
090 04 - LOCALLY ASSIGNED LC-TYPE CALL NUMBER (OCLC); LOCAL CALL NUMBER (RLIN)
Classification number (OCLC) (R) ; Classification number, CALL (RLIN) (NR) B485
Local cutter number (OCLC) ; Book number/undivided call number, CALL (RLIN) .A75 2019
100 1# - MAIN ENTRY--PERSONAL NAME
Personal name Aristotele
245 10 - TITLE STATEMENT
Title The complete Aristotle: Volume I
Medium [electronic resource] /
Statement of responsibility, etc. Aristotele ; çeviren E. M. Edghill, W. D. Ross
260 ## - PUBLICATION, DISTRIBUTION, ETC.
Place of publication, distribution, etc. İstanbul :
Name of publisher, distributor, etc. e-Kitap Projesi & Cheapest Books,
Date of publication, distribution, etc. 2019
300 ## - PHYSICAL DESCRIPTION
Extent 1131 p.
650 #4 - SUBJECT ADDED ENTRY--TOPICAL TERM
Topical term or geographic name entry element Felsefe, Psikoloji ve Din
650 #4 - SUBJECT ADDED ENTRY--TOPICAL TERM
Topical term or geographic name entry element Philosophy, Psychology and Religion
650 #0 - SUBJECT ADDED ENTRY--TOPICAL TERM
Topical term or geographic name entry element Felsefe
650 #0 - SUBJECT ADDED ENTRY--TOPICAL TERM
Topical term or geographic name entry element Philosophie
650 #0 - SUBJECT ADDED ENTRY--TOPICAL TERM
Topical term or geographic name entry element Felsefe
General subdivision Toplu yapıtlar
650 #0 - SUBJECT ADDED ENTRY--TOPICAL TERM
Topical term or geographic name entry element Philosophy
General subdivision Collected works
650 #7 - SUBJECT ADDED ENTRY--TOPICAL TERM
Topical term or geographic name entry element PHILOSOPHY / History & Surveys / Ancient & Classical
Source of heading or term bisacsh
700 1# - ADDED ENTRY--PERSONAL NAME
Personal name Edghill, E. M.
700 1# - ADDED ENTRY--PERSONAL NAME
Personal name Ross, W. D.
856 40 - ELECTRONIC LOCATION AND ACCESS
Uniform Resource Identifier <a href="http://search.ebscohost.com/login.aspx?direct=true&scope=site&db=e011xww&AN=2347359">http://search.ebscohost.com/login.aspx?direct=true&scope=site&db=e011xww&AN=2347359</a>
Holdings
Withdrawn status Lost status Source of classification or shelving scheme Damaged status Not for loan Collection code Permanent Location Current Location Date acquired Total Checkouts Full call number Barcode Date last seen Price effective from Koha item type
        Online   Kıbrıs Amerikan Üniversitesi Kütüphanesi / American University of Cyprus Kıbrıs Amerikan Üniversitesi Kütüphanesi / American University of Cyprus 28.10.2020   B485 .A75 2019 2347359 28.10.2020 28.10.2020 E-Kitap
Devinim Yazılım Eğitim Danışmanlık tarafından Koha'nın orjinal sürümü uyarlanarak geliştirilip kurulmuştur.